| 000 | 01204nam a22002657a 4500 | ||
|---|---|---|---|
| 001 | 9698 | ||
| 003 | FISKH | ||
| 005 | 20260130084819.0 | ||
| 008 | 260130b cb ||||| |||| 00| 0 eng d | ||
| 020 | _a80600867387 | ||
| 040 |
_aFISKH _beng _cFISKH _dFISKH |
||
| 050 | _aPZ7 | ||
| 082 | _a331.7 | ||
| 100 | _aThe Clever Factory | ||
| 245 |
_aHelping hands / _cBy The Clever Factory |
||
| 260 |
_aNashville : _bThe clever Factory , Inc , _c2008 . |
||
| 300 |
_a8 pages : _bcolor illustrations ; _c20 cm . |
||
| 490 | _aValuable Lessons | ||
| 505 | _aH | ||
| 520 | _aHelping Hands is a children’s book that teaches the importance of kindness, cooperation, and helping others. Through simple situations and illustrations, the book shows children how they can use their “helping hands” at home, at school, and in their community. It encourages positive behaviors like sharing, caring, being polite, and working together. The story helps young readers understand that even small acts of kindness can make a big difference and that everyone has the ability to help others. | ||
| 521 | 8 |
_a430
_bLexile estimate |
|
| 521 | 8 |
_aH
_bRaz-Plus |
|
| 942 |
_2ddc _cBK _n0 |
||
| 999 |
_c9698 _d9698 |
||